OG SML Characters - Statistics

General Stats
  • This quiz has been taken 31 times
  • The average score is 12 of 15
Answer Stats
Hint Answer % Correct
Hey! Wanna see my pencil? Jeffy
100%
Gay boy with a doll Cody
91%
Poor kid with no parents Joseph
91%
Doll of ^ Ken
91%
Dad of ^ Bowser
83%
Cheesecake Shrek
83%
Chef who makes bad food Chef Pee Pee
78%
An officer and billionaire Mr Goodman
78%
Rapper who is called Milk Toad
78%
Call of Duty Player and Chicken Eater Black Yoshi
74%
Has every job Brooklyn T Guy
74%
Poor man with overalls Mario
74%
Shrimpo Hunter Woody
70%
Brat Bowser Junior
65%
Sensation that everyone loved Mama Luigi
39%
No matching quizzes found
Score Distribution
Percent of People with Each Score
Percentile by Number Answered
Your Score History
You have not taken this quiz